Survey on pig feeding of crossbred pigs in cp km99 at kampong speu province; ការអង្កេតលើការចិញ្ចឹមជ្រូកសាច់ចាប់ពី ៣០គីឡូក្រាម រហូតដល់ពិឃាដនៅកសិដ្ឋាន ក្រុមហ៊ុន ស៊ី. ភី គីឡូម៉ែត្រលេខ ៩៩ក្នុងខេត្តកំពង់ស្ពឺ (Record no. 7379)

000 -LEADER
fixed length control field 00812nam a22001337a 4500
040 ## - CATALOGING SOURCE
Transcribing agency RUA
082 ## - DEWEY DECIMAL CLASSIFICATION NUMBER
Classification number ANS SRE 2014 B445 Or.1
100 ## - MAIN ENTRY--AUTHOR NAME
Personal name SREY VITOU; ស្រី វិទូ
245 ## - TITLE STATEMENT
Title Survey on pig feeding of crossbred pigs in cp km99 at kampong speu province; ការអង្កេតលើការចិញ្ចឹមជ្រូកសាច់ចាប់ពី ៣០គីឡូក្រាម រហូតដល់ពិឃាដនៅកសិដ្ឋាន ក្រុមហ៊ុន ស៊ី. ភី គីឡូម៉ែត្រលេខ ៩៩ក្នុងខេត្តកំពង់ស្ពឺ
260 ## - PUBLICATION, DISTRIBUTION, ETC. (IMPRINT)
Place of publication Phnom Penh
Name of publisher RUA
Year of publication 2014
300 ## - PHYSICAL DESCRIPTION
Number of Pages x;49p.
Other physical details ill.
Dimensions 29cm.
856 ## - ELECTRONIC LOCATION AND ACCESS
Uniform Resource Identifier https://drive.google.com/file/d/1iSEscpetlRoFfRZECvVKPNQaf2KfpxIg/view?usp=sharing
942 ## - ADDED ENTRY ELEMENTS (KOHA)
Koha item type ANS
952 ## - LOCATION AND ITEM INFORMATION (KOHA)
Withdrawn status [LOCAL, KOHA] 0
952 ## - LOCATION AND ITEM INFORMATION (KOHA)
Withdrawn status [LOCAL, KOHA] 0
952 ## - LOCATION AND ITEM INFORMATION (KOHA)
Withdrawn status [LOCAL, KOHA] 0
952 ## - LOCATION AND ITEM INFORMATION (KOHA)
Withdrawn status [LOCAL, KOHA] 0
952 ## - LOCATION AND ITEM INFORMATION (KOHA)
Withdrawn status [LOCAL, KOHA] 0
952 ## - LOCATION AND ITEM INFORMATION (KOHA)
Withdrawn status [LOCAL, KOHA] 0
952 ## - LOCATION AND ITEM INFORMATION (KOHA)
Withdrawn status [LOCAL, KOHA] 0
952 ## - LOCATION AND ITEM INFORMATION (KOHA)
Withdrawn status [LOCAL, KOHA] 0
952 ## - LOCATION AND ITEM INFORMATION (KOHA)
Withdrawn status [LOCAL, KOHA] 0
Holdings
Permanent Location Date acquired Koha item type Lost status Shelving location Barcode Current Location Full call number
Library Block B2016-03-03ANS B445RUA054413Library Block BANS SRE 2014 B445 Or.1
Library Block B2016-03-03ANS B445RUA054353Library Block BANS SRE 2014 B445 Or.2
Library Block B2016-03-03ANS B445RUA054537Library Block BANS SRE 2014 B445 Or.3
Library Block B2016-03-03ANS B445RUA054297Library Block BANS SRE 2014 B445 Or.4
Library Block B2016-03-03ANS B445RUA054535Library Block BANS SRE 2014 B445 Or.5
Library Block B2016-03-03ANS B445RUA054422Library Block BANS SRE 2014 B445 Or.6
Library Block B2016-03-03ANS B445RUA054359Library Block BANS SRE 2014 B445 Or.7
Library Block B2016-03-03ANS B445RUA054542Library Block BANS SRE 2014 B445 Or.8
Library Block B2021-12-07ANS B479A066168Library Block BANS SRE 2014 B479 Or.1
មជ្ឈមណ្ឌលឯការនៃសាកលវិទ្យាល័យភូមិន្ទកសិកម្មចំការដូង

Powered by Koha